Science Quiz

Random Science or Christmas Quiz

Science... By 14 Other Categories! Quiz Stats

 Plays Quiz Updated Mar 27, 2019

Score 0/14 Timer 06:00
1 Play Today
Question Answer Wrong Answers
Television: Complete the title of American medical drama series, premiered on 27 March 2005: Grey's _______. Anatomy
90.9%
Astronomy
2.7%
Biology
0.5%
Physics
0.3%
Religion: Name the one who was created of one's rib, and the 'donor' of the rib, according to Abrahamic religions. Eve from Adam's
88.5%
David from Jesse's
2%
Moses from Amram's
2%
Solomon from Bathsheba's
1.6%
Just For Fun: Imagine a word ladder* - FEAR, REAR, READ, and the next word is an element. What is its symbol? Pb
82.9%
La
5.6%
Li
3.8%
Pt
1.8%
History: Pulitzer Prize-winning photo of a nine-year old girl severely burned by napalm, a mixture of gasoline and thickening agent, was taken by Nick Ut during which post-WWII war in Asia? Vietnam War
78.4%
Gulf War
4.4%
Iran-Iraq War
3.7%
Korean War
7.3%
Gaming: Which of these original Pokémon is not a fish? Scyther
65.1%
Goldeen
12.4%
Magikarp
6.4%
Seaking
10.3%
Miscellaneous: Pick the food product which has the highest carbohydrate value per 100 g. Rye bread
65%
Chicken egg
8.5%
Fried pork
9.8%
Olive oil
10.9%
Holiday: The decorative plant poinsettia, known as Christmas Star, is indigenous to which country? Mexico
55.5%
Brazil
16.5%
Colombia
13.8%
Dominican Republic
8.2%
Geography: Which of these birds species is not endemic for Australia, i.e. not restricted to wildlife of a certain area in Australia? White-bellied sea eagle
52%
Emu
21.3%
Forty-spotted pardalote
12.9%
Laughing kookaburra
7.9%
Music: What is the atomic number of the first word of the band named ____ Maiden, formed in Leyton, East London in 1975? 26
49.2%
13
23%
47
17.7%
79
4.1%
Literature: In the eponymous book by Goethe, the main character, Faust, has a colleague, a fellow scientist and somewhat an antipode to him. Which famous composer's name does he bear? Wagner
48.5%
Bach
18.2%
Bruckner
10.2%
Schubert
16.7%
Entertainment: Which celebrity with an animal in the name was born in Indiana? Larry Bird
47.4%
Samantha Bee
13.6%
Megan Fox
23.2%
Cat Stevens
10.1%
Language: Given in French, which of these numbers is divisible by 15 (numbers follow from smallest to largest)? cent cinq
45.1%
vingt-cinq
12.3%
quatre-vingts
19.8%
cent trente
16.8%
Movies: The 3D software RenderMan is produced by which film producing studio? Pixar
41%
Blue Sky Studios
18.9%
DreamWorks Classics
23.7%
Marvel Productions
10.4%
Sports: Which genus of birds won Super Bowl LII against the New England Patriots in 2018? Aquila
29.9%
Corvus
12.3%
Falco
48.2%
Pandion
3.8%

You're not logged in!

Compare scores with friends on all Sporcle quizzes.
OR
Log In

Sporcle TV

Today on Sporcle TV


Watch our educational content, quiz creation guides, and fun videos on Sporcle TV.

Show Comments

Extras

Top Quizzes Today


Score Distribution

Your Account Isn't Verified!

In order to create a playlist on Sporcle, you need to verify the email address you used during registration. Go to your Sporcle Settings to finish the process.

Report this User

Report this user for behavior that violates our Community Guidelines.

Details: